[Event "Titled Tuesday intern op 14th Dec"]
[Site "Chess.com INT"]
[Date "2021.12.14"]
[Round "8"]
[White "Bagheri, Maziar"]
[Black "Ianov, Viktor"]
[Result "0-1"]
[WhiteElo "2321"]
[BlackElo "2279"]
[PlyCount "74"]
[EventDate "2021.12.14"]
[EventType "swiss (blitz)"]
[EventRounds "11"]
[EventCountry "USA"]
[SourceTitle "EXT 2023"]
[Source "ChessBase"]
[SourceDate "2022.10.05"]
[SourceVersion "1"]
[SourceVersionDate "2022.10.05"]
[SourceQuality "1"]

1. Nf3 d6 2. d4 g6 3. c4 Bg7 4. e4 Bg4 5. Nc3 Nc6 6. Be3 e5 7. d5 Nd4 8. Be2 Bxf3 9. Bxf3 Ne7 10. 0-0 0-0 11. Be2 c5 12. dxc6 bxc6 13. b4 f5 14. f3 c5 15. b5 Kh8 16. Qd2 Qa5 17. Bd3 f4 18. Bf2 g5 19. h3 Rg8 20. Rfd1 h5 21. Nd5 Qxd2 22. Rxd2 Nxd5 23. exd5 Bf6 24. Re1 g4 25. hxg4 hxg4 26. fxg4 Rxg4 27. Bxd4 cxd4 28. a4 Bd8 29. Rde2 Kg7 30. Kf1 Ba5 31. Rxe5 dxe5 32. Rxe5 Rh8 33. c5 Rh1+ 34. Kf2 Rg3 35. Bf1 Bd2 36. d6 Re3 37. Rd5 Be1# 0-1

[Event "Titled Tuesday intern op 14th Dec"]
[Site "Chess.com INT"]
[Date "2021.12.14"]
[Round "5"]
[White "Bagheri, Maziar"]
[Black "Vovk, Orest"]
[Result "0-1"]
[WhiteElo "2321"]
[BlackElo "2315"]
[PlyCount "84"]
[EventDate "2021.12.14"]
[EventType "swiss (blitz)"]
[EventRounds "11"]
[EventCountry "USA"]
[SourceTitle "EXT 2023"]
[Source "ChessBase"]
[SourceDate "2022.10.05"]
[SourceVersion "1"]
[SourceVersionDate "2022.10.05"]
[SourceQuality "1"]

1. Nf3 h6 2. d4 g5 3. c4 Bg7 4. Nc3 c5 5. dxc5 Bxc3+ 6. bxc3 Qa5 7. Qd4 Nf6 8. Ne5 Nc6 9. Nxc6 dxc6 10. h4 g4 11. Bf4 Be6 12. Rd1 Qxa2 13. e3 Qa5 14. Be2 Rd8 15. Qxd8+ Qxd8 16. Rxd8+ Kxd8 17. f3 h5 18. Be5 Rg8 19. Kf2 Nd7 20. Bd4 g3+ 21. Ke1 Bf5 22. e4 Bh7 23. Kd2 e5 24. Be3 f5 25. Bg5+ Kc7 26. Be7 fxe4 27. fxe4 Bxe4 28. Bxh5 Bxg2 29. Rg1 Bh3 30. Bf3 g2 31. Ke3 a5 32. Bd6+ Kd8 33. h5 a4 34. h6 a3 35. h7 Rh8 36. Be4 a2 37. Bc2 Nf6 38. Bxe5 Ng4+ 39. Kf4 Rf8+ 40. Kg3 Nxe5 41. Kxh3 Nxc4 42. Rxg2 a1Q 0-1

[Event "Titled Tuesday intern op 14th Dec"]
[Site "Chess.com INT"]
[Date "2021.12.14"]
[Round "7"]
[White "Butti, Enrique"]
[Black "Bagheri, Maziar"]
[Result "1/2-1/2"]
[WhiteElo "2065"]
[BlackElo "2321"]
[PlyCount "131"]
[EventDate "2021.12.14"]
[EventType "swiss (blitz)"]
[EventRounds "11"]
[EventCountry "USA"]
[SourceTitle "EXT 2023"]
[Source "ChessBase"]
[SourceDate "2022.10.05"]
[SourceVersion "1"]
[SourceVersionDate "2022.10.05"]
[SourceQuality "1"]

1. d4 Nf6 2. Nf3 d5 3. c4 c6 4. Nc3 e6 5. e3 Nbd7 6. Qc2 Bd6 7. g4 Bb4 8. Bd2 Bxc3 9. Bxc3 Ne4 10. Bd3 Nxc3 11. Qxc3 b6 12. cxd5 cxd5 13. Rc1 Bb7 14. Qc7 Rc8 15. Qxd8+ Kxd8 16. Kd2 f6 17. h4 Ke7 18. g5 f5 19. Bb5 Nb8 20. Ne5 a6 21. Bd3 Nd7 22. Nxd7 Kxd7 23. f4 Rxc1 24. Rxc1 h6 25. g6 Kd6 26. h5 Rb8 27. Rc3 Bc8 28. b4 Ra8 29. a4 a5 30. b5 Bd7 31. Rc1 Rb8 32. Rc3 Rb7 33. Rc1 Ke7 34. Rc3 Kd6 35. Rc1 Rc7 36. Rxc7 Kxc7 37. Kc3 Kd6 38. Kd2 Ke7 39. Kc3 Kf6 40. Kd2 Be8 41. Kc3 Bxg6 42. hxg6 Kxg6 43. Kd2 Kh5 44. Ke2 Kh4 45. Kf3 g5 46. fxg5 hxg5 47. Be2 Kh3 48. Bf1+ Kh4 49. Kg2 Kh5 50. Be2+ Kg6 51. Kf3 Kf6 52. Kg3 e5 53. Bd1 f4+ 54. exf4 gxf4+ 55. Kf3 Kf5 56. dxe5 Kxe5 57. Bb3 Kd4 58. Kxf4 Kc3 59. Bxd5 Kb4 60. Ke4 Kxa4 61. Bc6 Kb4 62. Kd3 Kb3 63. Bd5+ Kb4 64. Bc6 Kb3 65. Bd5+ Kb4 66. Bc6 1/2-1/2

[Event "IRI-ch Online"]
[Site "Chess.com INT"]
[Date "2021.03.18"]
[Round "9"]
[White "Ahmadi, Erfan"]
[Black "Bagheri, Maziar"]
[Result "1-0"]
[WhiteElo "1761"]
[BlackElo "2321"]
[PlyCount "85"]
[EventDate "2021.03.15"]
[EventType "swiss (rapid)"]
[EventRounds "11"]
[EventCountry "IRI"]
[SourceTitle "CBM 201 Extra"]
[Source "ChessBase"]
[SourceDate "2021.05.31"]
[SourceVersion "1"]
[SourceVersionDate "2021.05.31"]
[SourceQuality "1"]

1. e4 c6 2. d4 d5 3. exd5 cxd5 4. Nf3 Nc6 5. Bd3 Bg4 6. c3 e6 7. Nbd2 Nf6 8. Nf1 Bd6 9. Ng3 0-0 10. 0-0 Rb8 11. h3 Bxf3 12. Qxf3 b5 13. Bg5 h6 14. Bd2 b4 15. Rac1 bxc3 16. Bxc3 Ne7 17. Rfe1 Bb4 18. Rc2 Bxc3 19. bxc3 Nc6 20. Nh5 Nxh5 21. Qxh5 Qg5 22. Qf3 Rfc8 23. Rce2 Qf6 24. Qg3 Rb6 25. h4 h5 26. Re3 Ne7 27. Rf3 Qh6 28. Qe5 f6 29. Qe2 Kf7 30. c4 dxc4 31. Bxc4 Rcc6 32. d5 Nxd5 33. Bxd5 Rd6 34. Bb3 a5 35. Re3 f5 36. Re5 Qg6 37. Rxa5 Kg8 38. Re5 Kf7 39. Qf3 Kf6 40. Qc3 Kf7 41. Qc7+ Kg8 42. Bxe6+ Kh7 43. Bxf5 1-0

[Event "IRI-ch Online"]
[Site "Chess.com INT"]
[Date "2021.03.17"]
[Round "6"]
[White "Bagheri, Maziar"]
[Black "Jafari, Parsa"]
[Result "1-0"]
[WhiteElo "2321"]
[BlackElo "1666"]
[PlyCount "85"]
[EventDate "2021.03.15"]
[EventType "swiss (rapid)"]
[EventRounds "11"]
[EventCountry "IRI"]
[SourceTitle "CBM 201 Extra"]
[Source "ChessBase"]
[SourceDate "2021.05.31"]
[SourceVersion "1"]
[SourceVersionDate "2021.05.31"]
[SourceQuality "1"]

1. d4 Nf6 2. c4 e5 3. dxe5 Ng4 4. Nf3 Bc5 5. e3 Nc6 6. Be2 0-0 7. Nc3 Ngxe5 8. 0-0 Re8 9. b3 a5 10. Bb2 d6 11. Nd5 Be6 12. Nf4 Ng6 13. Nxe6 fxe6 14. Nd4 Qd7 15. Bg4 Nce5 16. Bh3 Nf8 17. f4 Nf7 18. Qd3 Qe7 19. Rae1 Bxd4 20. exd4 c6 21. Re3 Qc7 22. Rfe1 e5 23. fxe5 dxe5 24. dxe5 Rad8 25. Qe2 Ng5 26. Bg4 Ng6 27. g3 Qb6 28. h4 Nxe5 29. Kh1 Ngf7 30. Bxe5 Nxe5 31. Rxe5 Rf8 32. Qe3 Qb4 33. Re7 Rd6 34. Re8 Rdf6 35. Rxf8+ Rxf8 36. Kg2 a4 37. bxa4 Qxa4 38. Re2 Qd1 39. Be6+ Kh8 40. Rf2 Re8 41. Qf4 h6 42. Qf7 Qd8 43. Bf5 1-0

[Event "IRI-ch Online"]
[Site "Chess.com INT"]
[Date "2021.03.15"]
[Round "1"]
[White "Movahedi, Yashar"]
[Black "Bagheri, Maziar"]
[Result "0-1"]
[WhiteElo "1808"]
[BlackElo "2321"]
[PlyCount "122"]
[EventDate "2021.03.15"]
[EventType "swiss (rapid)"]
[EventRounds "11"]
[EventCountry "IRI"]
[SourceTitle "CBM 201 Extra"]
[Source "ChessBase"]
[SourceDate "2021.05.31"]
[SourceVersion "1"]
[SourceVersionDate "2021.05.31"]
[SourceQuality "1"]

1. e4 e5 2. Nc3 Nf6 3. Bc4 Bc5 4. d3 d6 5. f4 Nc6 6. Nf3 Bg4 7. Na4 Bb4+ 8. c3 Ba5 9. b4 Bb6 10. Nxb6 axb6 11. 0-0 0-0 12. h3 Be6 13. Bxe6 fxe6 14. b5 Ne7 15. fxe5 dxe5 16. Nxe5 Qd6 17. Bf4 Qc5+ 18. Kh1 Qxb5 19. a4 Qe8 20. Qb3 Nc6 21. Qc4 Rc8 22. Nxc6 Qxc6 23. Qxc6 bxc6 24. a5 b5 25. Bg5 Nd7 26. d4 Rxf1+ 27. Rxf1 Ra8 28. Ra1 c5 29. a6 cxd4 30. cxd4 Nb8 31. Ra5 Rxa6 32. Rxb5 Rb6 33. Rc5 Rc6 34. Rxc6 Nxc6 35. Bf4 e5 36. dxe5 Nd4 37. Be3 Ne6 38. g4 Kf7 39. Kg2 Ke7 40. h4 Kd7 41. Kf3 Kc6 42. Bd2 Kb5 43. Ke3 Kc4 44. Ba5 c5 45. Bb6 Kc3 46. g5 c4 47. h5 g6 48. hxg6 hxg6 49. Ba5+ Kc2 50. Be1 c3 51. Ke2 Nxg5 52. Ke3 Ne6 53. Ke2 Kb2 54. Kd3 c2 55. Bd2 g5 56. Kc4 g4 57. Kd5 Ng7 58. e6 g3 59. Bh6 Nxe6 60. Kxe6 g2 61. Bg7+ Kb3 0-1

[Event "Titled Tuesday intern op 28th Apr"]
[Site "Chess.com INT"]
[Date "2020.04.28"]
[Round "1"]
[White "Bersamina, Paulo"]
[Black "Bagheri, Maziar"]
[Result "1-0"]
[WhiteElo "2462"]
[BlackElo "2321"]
[PlyCount "87"]
[EventDate "2020.04.28"]
[EventType "swiss (blitz)"]
[EventRounds "10"]
[EventCountry "USA"]
[SourceTitle "EXT 2021"]
[Source "ChessBase"]
[SourceDate "2020.10.23"]
[SourceVersion "1"]
[SourceVersionDate "2020.10.23"]
[SourceQuality "1"]

1. e4 e5 2. Nf3 Nc6 3. d4 Nf6 4. dxe5 Ng4 5. Bf4 Bc5 6. Bg3 Qe7 7. Nc3 Bb4 8. Qd5 0-0 9. Bc4 Re8 10. 0-0 Bxc3 11. bxc3 b6 12. h3 Nh6 13. Rad1 Rb8 14. Rfe1 Na5 15. Bb3 c6 16. Qd2 Ra8 17. Bf4 Nxb3 18. cxb3 Qe6 19. Bxh6 Qxh6 20. Qxh6 gxh6 21. Rd6 Kg7 22. Red1 a5 23. Rf6 a4 24. b4 a3 25. Rdd6 Re6 26. Rfxe6 fxe6 27. Kf1 Kf7 28. Nd2 Ke7 29. Ke2 Ba6+ 30. Ke3 h5 31. h4 Rg8 32. g3 h6 33. c4 Rb8 34. Rd3 c5 35. b5 Bb7 36. Rxa3 Kd8 37. Ra7 Kc7 38. a4 Rg8 39. a5 bxa5 40. Rxa5 Kb6 41. Ra3 Rg7 42. Rd3 Bc8 43. Rd6+ Kc7 44. Nb3 1-0

[Event "Titled Tuesday intern op 28th Apr"]
[Site "Chess.com INT"]
[Date "2020.04.28"]
[Round "3"]
[White "Valle Maytin, Luis Enrique"]
[Black "Bagheri, Maziar"]
[Result "1/2-1/2"]
[WhiteElo "2297"]
[BlackElo "2321"]
[PlyCount "218"]
[EventDate "2020.04.28"]
[EventType "swiss (blitz)"]
[EventRounds "10"]
[EventCountry "USA"]
[SourceTitle "EXT 2021"]
[Source "ChessBase"]
[SourceDate "2020.10.23"]
[SourceVersion "1"]
[SourceVersionDate "2020.10.23"]
[SourceQuality "1"]

1. d4 Nf6 2. c4 g6 3. Nc3 d5 4. cxd5 Nxd5 5. e4 Nxc3 6. bxc3 c5 7. Be3 Bg7 8. Bb5+ Nd7 9. Ne2 0-0 10. 0-0 a6 11. Bxd7 Bxd7 12. dxc5 Bc6 13. f3 e5 14. Qxd8 Rfxd8 15. Rfd1 Bf8 16. Kf2 Ba4 17. Rxd8 Rxd8 18. Rb1 Rd7 19. Rb4 Bd1 20. Ke1 Bc2 21. Nc1 Rc7 22. Kd2 a5 23. Rb5 Ba4 24. Rxa5 Bc6 25. Nd3 f6 26. Ra8 Kf7 27. Ra7 Rd7 28. Kc2 Ke6 29. Nb4 Bb5 30. a4 Bc4 31. a5 f5 32. exf5+ gxf5 33. f4 e4 34. Bd4 h5 35. a6 bxa6 36. Ra8 h4 37. Rxf8 a5 38. c6 Rc7 39. Rf6+ Ke7 40. Rh6 axb4 41. Rh7+ Bf7 42. Bc5+ Ke6 43. cxb4 Rxc6 44. Rh6+ Kd5 45. Rxh4 e3 46. Rh7 Bg6 47. Re7 Ra6 48. Rxe3 Ra2+ 49. Kb3 Rxg2 50. Re5+ Kc6 51. Re6+ Kd5 52. Rd6+ Ke4 53. Rd4+ Kf3 54. b5 Bf7+ 55. Kb4 Rxh2 56. Ka5 Ra2+ 57. Kb6 Rb2 58. Kc6 Be8+ 59. Kd6 Bxb5 60. Ke5 Kg4 61. Rd1 Re2+ 62. Kf6 Bc6 63. Bd6 Be4 64. Be5 Ra2 65. Rg1+ Kf3 66. Rc1 Ra6+ 67. Ke7 Kg4 68. Rc7 Rh6 69. Rc3 Rh7+ 70. Kf6 Rh6+ 71. Kg7 Ra6 72. Rc7 Kh5 73. Rc3 Ra7+ 74. Kf6 Ra6+ 75. Kg7 Kg4 76. Rc7 Bd5 77. Rc3 Bc6 78. Rc5 Bd7 79. Rc7 Be6 80. Rc1 Kf3 81. Rf1+ Ke2 82. Rc1 Bd5 83. Rc7 Kd3 84. Rc1 Ra2 85. Rc7 Ke4 86. Kf6 Ra6+ 87. Kg7 Be6 88. Rc1 Kd5 89. Rd1+ Kc5 90. Rc1+ Bc4 91. Re1 Kd5 92. Rd1+ Ke6 93. Re1 Bd3 94. Kg6 Be4 95. Kg5 Ra8 96. Rc1 Rg8+ 97. Kh6 Kf7 98. Rc7+ Ke6 99. Rg7 Ra8 100. Kg6 Bc6 101. Rc7 Be8+ 102. Kg5 Ra2 103. Rc3 Rg2+ 104. Kh6 Bd7 105. Rc5 Kf7 106. Rc3 Rg6+ 107. Kh5 Rg8 108. Kh4 Ke6 109. Rc7 Rf8 1/2-1/2

[Event "Ghaem Cup 1st"]
[Site "Qaem Shahr"]
[Date "2019.04.25"]
[Round "8"]
[White "Bagheri, Maziar"]
[Black "Rastbod, Ali"]
[Result "1/2-1/2"]
[WhiteElo "2321"]
[BlackElo "2205"]
[PlyCount "88"]
[EventDate "2019.04.20"]
[EventType "swiss"]
[EventRounds "9"]
[EventCountry "IRI"]
[SourceTitle "CBM 190 Extra"]
[Source "ChessBase"]
[SourceDate "2019.07.15"]
[SourceVersion "1"]
[SourceVersionDate "2019.07.15"]
[SourceQuality "1"]

1. Nf3 g6 2. d4 Bg7 3. c4 d6 4. Nc3 Bg4 5. e3 Nc6 6. Be2 e5 7. d5 Nce7 8. e4 a5 9. 0-0 h6 10. Ne1 Bxe2 11. Qxe2 b6 12. Nd3 g5 13. Bd2 Nf6 14. b3 Nd7 15. a3 Nc5 16. Nxc5 bxc5 17. Rfb1 0-0 18. g4 c6 19. Nd1 Qd7 20. Ne3 Rfb8 21. Qe1 a4 22. b4 cxb4 23. axb4 cxd5 24. cxd5 Nc8 25. Qd1 Qb5 26. Rc1 Qd3 27. Qc2 Qe2 28. Be1 Qf3 29. Rxa4 Ne7 30. Rxa8 Rxa8 31. Qd1 Qxe4 32. Rc4 Qg6 33. b5 Rb8 34. Rb4 f5 35. Qb1 Qf7 36. gxf5 Nxd5 37. Nxd5 Qxd5 38. b6 Rb7 39. f6 Bxf6 40. Qg6+ Bg7 41. Ra4 Re7 42. Ra7 Qf3 43. Rxe7 Qg4+ 44. Kf1 Qc4+ 1/2-1/2

[Event "Ghaem Cup 1st"]
[Site "Qaem Shahr"]
[Date "2019.04.24"]
[Round "7"]
[White "Shanava, Konstantine"]
[Black "Bagheri, Maziar"]
[Result "1-0"]
[WhiteElo "2521"]
[BlackElo "2321"]
[PlyCount "96"]
[EventDate "2019.04.20"]
[EventType "swiss"]
[EventRounds "9"]
[EventCountry "IRI"]
[SourceTitle "CBM 190 Extra"]
[Source "ChessBase"]
[SourceDate "2019.07.15"]
[SourceVersion "1"]
[SourceVersionDate "2019.07.15"]
[SourceQuality "1"]

1. g3 e5 2. Bg2 Nf6 3. d3 d5 4. Nf3 Bd6 5. 0-0 0-0 6. c3 Re8 7. Qc2 h6 8. e4 c6 9. Nbd2 Nbd7 10. Re1 dxe4 11. dxe4 a5 12. Nc4 Bc5 13. Be3 Bxe3 14. Rxe3 Qc7 15. Rd1 Nc5 16. b4 axb4 17. cxb4 Ncxe4 18. Rxe4 Nxe4 19. Qxe4 Rxa2 20. Nfxe5 Be6 21. Bf1 Rd8 22. Bd3 g6 23. Nxg6 b5 24. Ne3 Bb3 25. Rb1 fxg6 26. Qxg6+ Qg7 27. Qxg7+ Kxg7 28. Rxb3 Kf6 29. Be4 Rdd2 30. Bxc6 h5 31. Nd5+ Ke5 32. Rf3 Rac2 33. Bb7 Rc4 34. Nf4 h4 35. Ng6+ Kd6 36. Nxh4 Rxb4 37. Bc8 Rb1+ 38. Kg2 b4 39. Bf5 Rc1 40. Ng6 Rc3 41. h4 Rxf3 42. Kxf3 b3 43. Ke3 Rd5 44. Be4 b2 45. Bc2 Rd1 46. h5 Ke6 47. h6 Rh1 48. h7 Kd5 1-0

[Event "IRI-chT S2 17th"]
[Site "Tehran"]
[Date "2019.04.16"]
[Round "2.2"]
[White "Bagheri, Maziar"]
[Black "Pourramezanali, Amirreza"]
[Result "1/2-1/2"]
[WhiteElo "2321"]
[BlackElo "2496"]
[PlyCount "56"]
[EventDate "2019.04.15"]
[EventType "team-swiss"]
[EventRounds "7"]
[EventCountry "IRI"]
[SourceTitle "CBM 189 Extra"]
[Source "ChessBase"]
[SourceDate "2019.06.03"]
[SourceVersion "1"]
[SourceVersionDate "2019.06.03"]
[SourceQuality "1"]
[WhiteTeam "Eslami Daneshgah Azad"]
[BlackTeam "Rasht Donyaye Felez"]
[WhiteTeamCountry "IRI"]
[BlackTeamCountry "IRI"]

1. Nf3 c5 2. g3 Nc6 3. Bg2 g6 4. 0-0 Bg7 5. c4 d6 6. Nc3 Bf5 7. d3 Qd7 8. Re1 Nf6 9. Bd2 0-0 10. Qc1 Nd4 11. Nxd4 cxd4 12. Nd5 Nxd5 13. Bxd5 Rac8 14. Qd1 Be6 15. Bg2 d5 16. cxd5 Bxd5 17. Bxd5 Qxd5 18. Qa4 a6 19. Rec1 Qe6 20. Rxc8 Rxc8 21. Rc1 Rxc1+ 22. Bxc1 b5 23. Qc2 h5 24. b3 h4 25. Bg5 f6 26. Bc1 Kf7 27. Kg2 g5 28. f3 hxg3 1/2-1/2

[Event "Mashhad Ferdowsi op 9th"]
[Site "Mashhad"]
[Date "2019.03.06"]
[Round "7"]
[White "Gholami Orimi, Mahdi"]
[Black "Bagheri, Maziar"]
[Result "1-0"]
[WhiteElo "2408"]
[BlackElo "2260"]
[PlyCount "155"]
[EventDate "2019.03.01"]
[EventType "swiss"]
[EventRounds "9"]
[EventCountry "IRI"]
[SourceTitle "CBM 189 Extra"]
[Source "ChessBase"]
[SourceDate "2019.06.03"]
[SourceVersion "1"]
[SourceVersionDate "2019.06.03"]
[SourceQuality "1"]

1. d4 d5 2. c4 c6 3. Nc3 Nf6 4. Nf3 e6 5. g3 Be7 6. Bg2 0-0 7. 0-0 b6 8. b3 Nbd7 9. Bb2 Ba6 10. Qc2 Rc8 11. Rfd1 b5 12. c5 b4 13. Na4 Bb5 14. a3 a5 15. axb4 axb4 16. Ne1 Qc7 17. Nd3 Bxd3 18. exd3 Qb7 19. Re1 Bd8 20. Re2 Bc7 21. f4 Rfe8 22. Rf1 Nf8 23. Bh3 Ng6 24. Qd2 Re7 25. Qe1 Rce8 26. Bc1 Qb5 27. Rf3 h5 28. Rfe3 Kf8 29. Ra2 Rb8 30. Qd1 Ree8 31. Re5 Bxe5 32. fxe5 Ng4 33. Bf1 Ra8 34. h3 Nh6 35. Qxh5 Nf5 36. Rf2 Kg8 37. Qg4 Rxa4 38. bxa4 Qxa4 39. Bb2 b3 40. Qg5 Qa5 41. Re2 Qd8 42. Qg4 Re7 43. h4 Ra7 44. h5 Nf8 45. Qf4 Ra2 46. Rf2 Nh7 47. g4 Qg5 48. Qxg5 Nxg5 49. gxf5 exf5 50. Bc1 f4 51. Rb2 Nf3+ 52. Kf2 Nxd4 53. Bh3 Kf8 54. Bg4 g5 55. Rxa2 bxa2 56. Bb2 Nb3 57. d4 a1Q 58. Bxa1 Nxa1 59. Bd1 g4 60. Ba4 Kg7 61. Bxc6 Nb3 62. Bxd5 Nxd4 63. c6 Nb5 64. Bc4 Nc7 65. Be2 f6 66. exf6+ Kxf6 67. Bxg4 Kg5 68. Bf3 Ne6 69. Ke1 Kf6 70. Kd2 Ke7 71. Kc3 Ng5 72. h6 Kd6 73. Kb4 Nh7 74. Kb5 Kc7 75. Be4 Ng5 76. h7 Nf7 77. Bg6 Nh8 78. Bh5 1-0

[Event "Mashhad Ferdowsi op 9th"]
[Site "Mashhad"]
[Date "2019.03.04"]
[Round "5"]
[White "Li, Bo"]
[Black "Bagheri, Maziar"]
[Result "0-1"]
[WhiteElo "2314"]
[BlackElo "2260"]
[PlyCount "96"]
[EventDate "2019.03.01"]
[EventType "swiss"]
[EventRounds "9"]
[EventCountry "IRI"]
[SourceTitle "CBM 189 Extra"]
[Source "ChessBase"]
[SourceDate "2019.06.03"]
[SourceVersion "1"]
[SourceVersionDate "2019.06.03"]
[SourceQuality "1"]

1. d4 d5 2. c4 c6 3. Nf3 Nf6 4. Nc3 e6 5. e3 Nbd7 6. Qc2 Bd6 7. Be2 0-0 8. 0-0 Re8 9. Rd1 Qe7 10. b3 b6 11. e4 dxe4 12. Nxe4 Nxe4 13. Qxe4 Bb7 14. Bd3 Nf6 15. Qh4 c5 16. d5 exd5 17. Bg5 h6 18. Bxf6 Qxf6 19. Qxf6 gxf6 20. cxd5 Be5 21. Nxe5 Rxe5 22. Bc4 Rd8 23. Rd2 Rd6 24. g3 Kf8 25. f4 Re7 26. Kf2 Bc8 27. Re1 Rxe1 28. Kxe1 Bg4 29. Be2 Bf5 30. Kf2 Ke7 31. Ke3 Rd8 32. Bh5 Bc8 33. a3 f5 34. b4 f6 35. bxc5 bxc5 36. Bf3 Kd6 37. Rb2 Re8+ 38. Kd2 Ba6 39. Rb1 c4 40. Bg2 Kc5 41. Rd1 Bb5 42. Rc1 Kd4 43. Rc3 Re2+ 44. Kxe2 Kxc3 45. Ke3 Kb2 46. Bh3 Bd7 47. Bf1 c3 48. Bd3 c2 0-1

[Event "Titled Tuesday intern op 1st Jan"]
[Site "Chess.com INT"]
[Date "2019.01.01"]
[Round "2"]
[White "Preotu, Razvan"]
[Black "Bagheri, Maziar"]
[Result "1-0"]
[WhiteElo "2524"]
[BlackElo "2260"]
[PlyCount "88"]
[EventDate "2019.01.01"]
[EventType "swiss (blitz)"]
[EventRounds "10"]
[EventCountry "USA"]
[SourceTitle "EXT 2021"]
[Source "ChessBase"]
[SourceDate "2020.10.23"]
[SourceVersion "1"]
[SourceVersionDate "2020.10.23"]
[SourceQuality "1"]

1. e4 e5 2. Nf3 Nc6 3. Bb5 a6 4. Ba4 Nf6 5. 0-0 Be7 6. Re1 b5 7. Bb3 0-0 8. a4 b4 9. d3 d6 10. a5 Rb8 11. Nbd2 Be6 12. Bxe6 fxe6 13. Nb3 Qe8 14. d4 Nh5 15. dxe5 dxe5 16. Qe2 Rb5 17. Be3 Qg6 18. Nfd2 Nf4 19. Qf1 Nd4 20. Nxd4 exd4 21. Bxf4 Rxf4 22. g3 h5 23. Qc4 h4 24. Qxc7 Rf7 25. Qc8+ Rf8 26. Qxa6 Rg5 27. Nf1 d3 28. Qxd3 Bc5 29. Re3 hxg3 30. hxg3 Bxe3 31. Qxe3 Rh5 32. a6 Qh7 33. g4 Rh1+ 34. Kg2 Qh4 35. Qg3 Qh6 36. a7 Ra8 37. Ra6 Kh7 38. Nh2 Rc1 39. g5 Qh5 40. Rxe6 Rxc2 41. g6+ Kh6 42. Ng4+ Kg5 43. Re5+ Kxg6 44. Rxh5 Kxh5 1-0

[Event "Titled Tuesday intern op 4th Dec"]
[Site "Chess.com INT"]
[Date "2018.12.04"]
[Round "6"]
[White "Bagheri, Maziar"]
[Black "Czerw, Dawid"]
[Result "1-0"]
[WhiteElo "2283"]
[BlackElo "2275"]
[PlyCount "23"]
[EventDate "2018.12.04"]
[EventType "swiss (blitz)"]
[EventRounds "10"]
[EventCountry "USA"]
[SourceTitle "EXT 2021"]
[Source "ChessBase"]
[SourceDate "2020.10.23"]
[SourceVersion "1"]
[SourceVersionDate "2020.10.23"]
[SourceQuality "1"]

1. d4 d5 2. c4 c6 3. Nf3 Nf6 4. g3 dxc4 5. Bg2 b5 6. 0-0 e6 7. a4 Bb7 8. Ne5 a6 9. b3 cxb3 10. Qxb3 Be7 11. Bb2 0-0 12. Rc1 1-0

[Event "IRI-chT 17th"]
[Site "Rasht"]
[Date "2018.11.02"]
[Round "4.2"]
[White "Bagheri, Maziar"]
[Black "Mosadeghpour, Masoud"]
[Result "1/2-1/2"]
[WhiteElo "2281"]
[BlackElo "2511"]
[PlyCount "56"]
[EventDate "2018.10.31"]
[EventType "team-swiss"]
[EventRounds "7"]
[EventCountry "IRI"]
[SourceTitle "CBM 187 Extra"]
[Source "ChessBase"]
[SourceDate "2018.11.04"]
[SourceVersion "1"]
[SourceVersionDate "2018.11.04"]
[SourceQuality "1"]
[WhiteTeam "Daneshgah Azad"]
[BlackTeam "Tehran Saipa"]
[WhiteTeamCountry "IRI"]
[BlackTeamCountry "IRI"]

1. Nf3 d5 2. d4 Nf6 3. c4 e6 4. g3 Bb4+ 5. Bd2 Bd6 6. Bg2 c6 7. Qc2 Nbd7 8. 0-0 0-0 9. Bf4 Bxf4 10. gxf4 b6 11. Nbd2 Ba6 12. Ne5 Rc8 13. Rfd1 Nxe5 14. dxe5 Nd7 15. Rac1 f6 16. exf6 Qxf6 17. e3 Qe7 18. Qa4 Nb8 19. cxd5 exd5 20. Nf3 Be2 21. Rd4 Bxf3 22. Bxf3 Kh8 23. Kh1 Rcd8 24. Rg1 b5 25. Qc2 Rd6 26. Rg5 Nd7 27. Rd1 Qf6 28. Bg4 d4 1/2-1/2

[Event "Titled Tuesday intern op 4th Sept"]
[Site "Chess.com INT"]
[Date "2018.09.04"]
[Round "7"]
[White "Bachmann, Axel"]
[Black "Bagheri, Maziar"]
[Result "1-0"]
[WhiteElo "2621"]
[BlackElo "2300"]
[PlyCount "66"]
[EventDate "2018.09.04"]
[EventType "swiss (blitz)"]
[EventRounds "10"]
[EventCountry "USA"]
[SourceTitle "EXT 2021"]
[Source "ChessBase"]
[SourceDate "2020.10.23"]
[SourceVersion "1"]
[SourceVersionDate "2020.10.23"]
[SourceQuality "1"]

1. e4 c5 2. Nf3 d6 3. Bb5+ Nd7 4. 0-0 a6 5. Be2 Ngf6 6. Nc3 g6 7. d4 cxd4 8. Nxd4 Bg7 9. Be3 0-0 10. Qd2 Qc7 11. Bh6 Ne5 12. Bxg7 Kxg7 13. Nd5 Nxd5 14. exd5 Bd7 15. b3 Rac8 16. c4 Qb8 17. a4 b5 18. axb5 axb5 19. cxb5 Qb6 20. h3 Rc5 21. Nc6 e6 22. dxe6 Bxe6 23. Qxd6 Nxc6 24. Ra6 Rd5 25. Rxb6 Rxd6 26. bxc6 Rc8 27. Bf3 Rd3 28. b4 Rb3 29. Re1 Kf6 30. Rb7 Bxh3 31. Bd5 Be6 32. Bxb3 Bxb3 33. b5 Be6 1-0

[Event "Titled Tuesday intern op 4th Sept"]
[Site "Chess.com INT"]
[Date "2018.09.04"]
[Round "2"]
[White "Gilevich, Artem"]
[Black "Bagheri, Maziar"]
[Result "1-0"]
[WhiteElo "2414"]
[BlackElo "2300"]
[PlyCount "87"]
[EventDate "2018.09.04"]
[EventType "swiss (blitz)"]
[EventRounds "10"]
[EventCountry "USA"]
[SourceTitle "EXT 2021"]
[Source "ChessBase"]
[SourceDate "2020.10.23"]
[SourceVersion "1"]
[SourceVersionDate "2020.10.23"]
[SourceQuality "1"]

1. e4 e5 2. Nf3 Nc6 3. Bc4 Nf6 4. d4 exd4 5. e5 d5 6. Bb5 Ne4 7. Nxd4 Bc5 8. 0-0 0-0 9. Nxc6 bxc6 10. Bxc6 Ba6 11. Qxd5 Bxf1 12. Qxe4 Ba6 13. Nc3 Rb8 14. Bd5 Rb4 15. Qf5 Bc8 16. Qf3 Bg4 17. Qg3 Bf5 18. a3 Rb6 19. Bg5 Be7 20. Bxe7 Qxe7 21. b3 Rg6 22. Qe3 Bxc2 23. f4 c6 24. Bc4 Rd8 25. Rf1 Bf5 26. h3 h5 27. Ne4 Bxe4 28. Qxe4 Rd2 29. Qxg6 Qc5+ 30. Kh2 Qxc4 31. bxc4 fxg6 32. Kg3 Rc2 33. Rb1 Rxc4 34. Rb8+ Kf7 35. Rb7+ Ke6 36. Rxg7 h4+ 37. Kg4 Ra4 38. Rxg6+ Kd5 39. Rd6+ Kc5 40. Rd3 a5 41. Kf5 Rc4 42. e6 Rc2 43. Re3 Kd6 44. e7 1-0

[Event "Hamedan op 17th"]
[Site "Hamedan"]
[Date "2018.08.15"]
[Round "10"]
[White "Bagheri, Maziar"]
[Black "Mozaffari, Alireza"]
[Result "1-0"]
[WhiteElo "2308"]
[BlackElo "2134"]
[PlyCount "93"]
[EventDate "2018.08.09"]
[EventType "swiss"]
[EventRounds "11"]
[EventCountry "IRI"]
[SourceTitle "CBM 186 Extra"]
[Source "ChessBase"]
[SourceDate "2018.08.24"]
[SourceVersion "1"]
[SourceVersionDate "2018.08.24"]
[SourceQuality "1"]

1. b3 e5 2. Bb2 Nc6 3. e3 Nf6 4. Bb5 Bd6 5. Na3 Na5 6. Nc4 Nxc4 7. Bxc4 Qe7 8. Ne2 c6 9. Ng3 Bc7 10. Nf5 Qf8 11. d4 d6 12. Ng3 Qe7 13. dxe5 Ba5+ 14. c3 Qxe5 15. Qd4 Qxd4 16. exd4 0-0 17. 0-0-0 h5 18. f3 d5 19. Bd3 g6 20. Kc2 Re8 21. Rde1 Rxe1 22. Rxe1 Bd7 23. Bc1 Bc7 24. Bg5 Re8 25. Rxe8+ Nxe8 26. Nf1 f6 27. Bh4 Kf7 28. Bg3 Bxg3 29. hxg3 Nd6 30. Ne3 Be6 31. c4 dxc4 32. bxc4 Bf5 33. Nxf5 Nxf5 34. Bxf5 gxf5 35. Kd2 Ke6 36. Ke3 b6 37. Kd3 a6 38. Kc3 Kd6 39. Kb4 Ke6 40. Ka4 Kd7 41. c5 bxc5 42. dxc5 Ke6 43. Ka5 Kd5 44. Kb6 a5 45. a4 f4 46. gxf4 h4 47. f5 1-0